| 000 | 00650cam a22001938i 4500 | ||
|---|---|---|---|
| 999 |
_c58404 _d58404 |
||
| 001 | 20436163 | ||
| 005 | 20221107165755.0 | ||
| 008 | 180409s2019 enk b 000 0 eng | ||
| 020 | _a9781138291553 X | ||
| 041 | _aeng | ||
| 080 | _a372 M-88 | ||
| 100 | 1 |
_aMoss, Peter _d _913404 |
|
| 245 | 1 | 0 |
_aAlternative narratives in early childhood : _ban introduction for students and practitioners / _cPeter Moss. |
| 264 | 1 |
_aLondon : _bRoutledge, _c2019. |
|
| 300 |
_a191pages ; _b24 cm. |
||
| 653 | _aსკოლამდელი ბავშვების განათლება | ||
| 653 | _aპედაგოგიკა | ||
| 942 |
_2udc _cBK |
||